Las orquídeas colombianas del genero Cattleya (Registro nro. 7170)

Detalles MARC
000 -CABECERA
Campo de control 00758nam a2200229 a 4500
005 - FECHA Y HORA DE LA ULTIMA TRANSACCION
Campo de control 20160205174900.0
008 - ELEMENTOS DE LONGITUD FIJA—INFORMACION GENERAL
Campo de control 160204b ck a |d|||| 00| 0 spa d
040 ## - FUENTE DE CATALOGACIÓN
Agencia catalogadora original CO-BoIAVH
Agencia transcriptora CO-BoIAVH
041 0# - IDIOMA
Código de idioma para texto/pista de sonido o título separado Español
044 ## - PAÍS DE PUBLICACIÓN
País de publicación Colombia
090 ## - CLASIFICACIÓN LOCAL
Colección FH-
Consecutivo 0049
245 13 - MENCION DE TITULO
Título Las orquídeas colombianas del genero Cattleya
260 ## - PUBLICACION, DISTRIBUCION, ETC. (PIE DE IMPRENTA)
Lugar de publicación, distribución, etc. Bogotá :
Nombre del editor, distribuidor, etc. Instituto de Investigación de Recursos Biológicos Alexander von Humboldt,
Fecha de publicación, distribución, etc. 2008.
300 ## - DESCRIPCION FISICA
Extensión 1 plegable ;
Otros detalles físicos ilustraciones a color ;
Dimensiones 23 x 17 cm.
490 0# - MENCION DE SERIE
Mención de serie Serie especies colombianas ;
Designación numérica/secuencial del volumen 15
650 #6 - ASIENTO SECUNDARIO DE MATERIA - TERMINO TEMATICO
Término temático o nombre geográfico como elemento de entrada Orquídeas
9 (RLIN) 57172
650 #6 - ASIENTO SECUNDARIO DE MATERIA - TERMINO TEMATICO
Término temático o nombre geográfico como elemento de entrada Orquídeas
Subdivisión geográfica Colombia
9 (RLIN) 57173
650 #6 - ASIENTO SECUNDARIO DE MATERIA - TERMINO TEMATICO
Término temático o nombre geográfico como elemento de entrada Cattleya
Subdivisión geográfica Colombia
9 (RLIN) 57174
700 1# - ASIENTO SECUNDARIO - NOMBRE PERSONAL
Nombre personal Calderón, Eduardo
9 (RLIN) 4761
700 1# - ASIENTO SECUNDARIO - NOMBRE PERSONAL
Nombre personal Constantino, Emilio
9 (RLIN) 4160
942 ## - ELEMENTOS ADICIONALES (KOHA)
Sistema de clasificación Local
Tipo de ítem Folleto
Existencias
Withdrawn status Lost status Sistema de Clasificación Damaged status No para préstamo Colección Ubicación Permanente Ubicación actual Fecha de adquisición Total Checkouts Número topográfico Inventario / Código de Barras Date last seen Ejemplar Price effective from Forma de adquisición Tipo de material
    Local     Hemeroteca Bogotá Bogotá 04/02/2016   FH-0049 030005 04/02/2016 Ej. 1 04/02/2016 Institucional Folleto